[Event "HUN-chT2 Barcza 2223"]
[Site "Hungary"]
[Date "2023.02.19"]
[Round "4.4"]
[White "Bodnar, Mate"]
[Black "Pap, Janos"]
[Result "1/2-1/2"]
[WhiteElo "2006"]
[BlackElo "2066"]
[PlyCount "99"]
[EventDate "2022.11.20"]
[EventType "team-tourn"]
[EventRounds "7"]
[EventCountry "HUN"]
[SourceTitle "EXT 2025"]
[Source "ChessBase"]
[SourceDate "2024.10.14"]
[SourceVersion "1"]
[SourceVersionDate "2024.10.14"]
[SourceQuality "1"]
[WhiteTeam "Karsol DSBK"]
[BlackTeam "Mezokovesd"]
[WhiteTeamCountry "HUN"]
[BlackTeamCountry "HUN"]

1. d4 Nf6 2. Bf4 d5 3. Nc3 Bf5 4. f3 e6 5. g4 Bg6 6. h4 h6 7. e3 Bb4 8. Bd3 Bxd3 9. Qxd3 Nc6 10. Nge2 Qd7 11. 0-0-0 0-0-0 12. a3 Bd6 13. Bxd6 cxd6 14. Nf4 g6 15. Kb1 h5 16. g5 Ne8 17. e4 dxe4 18. fxe4 Ne7 19. Qf3 Kb8 20. Nd3 Rf8 21. e5 d5 22. Nc5 Qc6 23. b4 Nf5 24. b5 Qb6 25. N3a4 Qxb5+ 26. Ka1 b6 27. Rb1 Qa5 28. Qd3 Nc7 29. Rb4 Ka8 30. Nxb6+ axb6 31. Ra4 Qxa4 32. Nxa4 Ka7 33. Qc3 Na6 34. Rb1 Rb8 35. Qb2 Rfc8 36. c3 Ne3 37. Qf2 Nf5 38. Qb2 Ne3 39. Qf2 Nf5 40. Rb3 Rc6 41. Nb2 Rbc8 42. Nd1 Rc4 43. Kb2 Nb8 44. Rb4 R4c7 45. Qf1 Nc6 46. Ra4+ Na5 47. Qb5 Rc6 48. Qf1 Kb7 49. Qf2 Nc4+ 50. Ka2 1/2-1/2

[Event "HUN-chT2 Barcza 2223"]
[Site "Hungary"]
[Date "2022.12.04"]
[Round "2.4"]
[White "Csorsz, Ferenc"]
[Black "Pap, Janos"]
[Result "1/2-1/2"]
[WhiteElo "1948"]
[BlackElo "2066"]
[PlyCount "92"]
[EventDate "2022.11.20"]
[EventType "team-tourn"]
[EventRounds "7"]
[EventCountry "HUN"]
[SourceTitle "EXT 2025"]
[Source "ChessBase"]
[SourceDate "2024.10.14"]
[SourceVersion "1"]
[SourceVersionDate "2024.10.14"]
[SourceQuality "1"]
[WhiteTeam "Nyiregyhaza VSC"]
[BlackTeam "Mezokovesd"]
[WhiteTeamCountry "HUN"]
[BlackTeamCountry "HUN"]

1. e4 c5 2. c4 Nc6 3. Nc3 g6 4. g3 Bg7 5. Bg2 e6 6. Nge2 Nge7 7. 0-0 Nd4 8. d3 0-0 9. f4 d6 10. g4 f5 11. g5 a6 12. Ng3 Rb8 13. h4 b5 14. h5 b4 15. Nce2 e5 16. Nxd4 cxd4 17. b3 fxe4 18. h6 Bh8 19. Bxe4 d5 20. cxd5 Nxd5 21. f5 gxf5 22. Nxf5 Nf4 23. Rxf4 exf4 24. Bd5+ Rf7 25. Bxf7+ Kxf7 26. Qh5+ Kf8 27. Ng7 Rb5 28. Bxf4 Bxg7 29. hxg7+ Kxg7 30. Re1 Qd7 31. Kh2 Rf5 32. Be5+ Kg8 33. Bg3 Rf8 34. g6 hxg6 35. Qxg6+ Qg7 36. Qxg7+ Kxg7 37. Be5+ Kg6 38. Rg1+ Kh5 39. Bxd4 Rf3 40. Rg3 Rxg3 41. Kxg3 Bf5 42. Bc5 Bxd3 43. Bxb4 Bb1 44. a4 Bc2 45. a5 Bxb3 46. Bc5 Bc4 1/2-1/2

[Event "HUN-chT2 Barcza 1819"]
[Site "Hungary"]
[Date "2019.02.24"]
[Round "8.2"]
[White "Pap, Janos"]
[Black "Vachylya, Andriy"]
[Result "0-1"]
[WhiteElo "2083"]
[BlackElo "2242"]
[PlyCount "70"]
[EventDate "2018.09.23"]
[EventType "team-tourn"]
[EventRounds "11"]
[EventCountry "HUN"]
[SourceTitle "CBM 189 Extra"]
[Source "ChessBase"]
[SourceDate "2019.05.31"]
[SourceVersion "1"]
[SourceVersionDate "2019.05.31"]
[SourceQuality "1"]
[WhiteTeam "Mezokovesd"]
[BlackTeam "Nyiregyhaza SISE"]
[WhiteTeamCountry "HUN"]
[BlackTeamCountry "HUN"]

1. d4 d5 2. c4 c6 3. Nc3 Nf6 4. e3 e6 5. Nf3 Nbd7 6. Qc2 Bd6 7. Be2 dxc4 8. Bxc4 b5 9. Be2 Bb7 10. 0-0 0-0 11. Rd1 Qc7 12. h3 Rfe8 13. e4 e5 14. a3 a6 15. Bg5 exd4 16. Nxd4 c5 17. Nf5 Bh2+ 18. Kh1 Bxe4 19. Nxe4 Nxe4 20. Bf3 Nxg5 21. Bxa8 Rxa8 22. Qd2 Ne4 23. Ne7+ Kf8 24. Qe3 Ndf6 25. Nd5 Qe5 26. Nxf6 gxf6 27. Re1 Re8 28. Qh6+ Kg8 29. Rxe4 Qxe4 30. Kxh2 Qe5+ 31. Kg1 Qxb2 32. Rd1 Qe2 33. Rc1 Qe5 34. Qh4 c4 35. a4 Qg5 0-1

[Event "HUN-chT2 Barcza 1718"]
[Site "Hungary"]
[Date "2018.05.06"]
[Round "11.4"]
[White "Pap, Janos"]
[Black "Pal, Ferenc"]
[Result "0-1"]
[WhiteElo "2104"]
[BlackElo "2023"]
[PlyCount "106"]
[EventDate "2017.09.24"]
[EventType "team-tourn"]
[EventRounds "11"]
[EventCountry "HUN"]
[SourceTitle "EXT 2021"]
[Source "ChessBase"]
[SourceDate "2020.10.23"]
[SourceVersion "1"]
[SourceVersionDate "2020.10.23"]
[SourceQuality "1"]
[WhiteTeam "Mezokovesd"]
[BlackTeam "Hajduszoboszlo"]
[WhiteTeamCountry "HUN"]
[BlackTeamCountry "HUN"]

1. d4 d5 2. c4 e6 3. Nc3 Nf6 4. cxd5 exd5 5. Bg5 Be7 6. Qc2 0-0 7. e3 Be6 8. Bd3 h6 9. Bh4 b6 10. Nf3 Nbd7 11. 0-0 c5 12. Rfd1 c4 13. Bf5 a6 14. Ne5 Qc7 15. Bxe6 fxe6 16. Ng6 Rf7 17. f4 Bd6 18. Ne5 Rff8 19. Qg6 b5 20. Ng4 Nxg4 21. Qxe6+ Kh8 22. Qxg4 Nb6 23. Qh5 Rae8 24. Re1 Qb7 25. a3 b4 26. axb4 Bxb4 27. Qg6 a5 28. f5 Nd7 29. f6 Nxf6 30. Bxf6 gxf6 31. Qxh6+ Qh7 32. Qxh7+ Kxh7 33. Kf2 Kg6 34. Rec1 Rd8 35. Ne2 Rfe8 36. Nf4+ Kf5 37. Rc2 Ke4 38. Rd1 Ra8 39. Ne2 Kf5 40. Kf3 a4 41. Nf4 Ra5 42. g4+ Kg5 43. h4+ Kh6 44. Rg1 Bd6 45. g5+ fxg5 46. hxg5+ Kg7 47. Nh5+ Kg6 48. Nf6 Rh8 49. e4 Rh3+ 50. Kg4 Rd3 51. Rh1 Rg3+ 52. Kh4 Rxg5 53. Nxd5 Ra8 0-1

[Event "HUN-chT2 Barcza 1718"]
[Site "Hungary"]
[Date "2018.03.25"]
[Round "10.4"]
[White "Debreceni, Mate"]
[Black "Pap, Janos"]
[Result "1/2-1/2"]
[WhiteElo "2039"]
[BlackElo "2104"]
[PlyCount "37"]
[EventDate "2017.09.24"]
[EventType "team-tourn"]
[EventRounds "11"]
[EventCountry "HUN"]
[SourceTitle "EXT 2021"]
[Source "ChessBase"]
[SourceDate "2020.10.23"]
[SourceVersion "1"]
[SourceVersionDate "2020.10.23"]
[SourceQuality "1"]
[WhiteTeam "Debrecen Sakkbaratok"]
[BlackTeam "Mezokovesd"]
[WhiteTeamCountry "HUN"]
[BlackTeamCountry "HUN"]

1. e4 c5 2. Nf3 d6 3. d4 cxd4 4. Nxd4 Nf6 5. Nc3 a6 6. Be2 e5 7. Nb3 Be7 8. g4 h6 9. Rg1 Be6 10. h4 d5 11. g5 Nxe4 12. Nxe4 dxe4 13. Qxd8+ Bxd8 14. Be3 hxg5 15. hxg5 Nd7 16. 0-0-0 Be7 17. Bg4 Bxg4 18. Rxg4 Rc8 19. Rxe4 1/2-1/2

[Event "HUN-chT2 Erkel 1314"]
[Site "Hungary"]
[Date "2013.10.20"]
[Round "3.3"]
[White "Nogrady, Vilmos"]
[Black "Pap, Janos"]
[Result "1/2-1/2"]
[WhiteElo "2153"]
[BlackElo "2128"]
[PlyCount "40"]
[EventDate "2013.09.08"]
[EventType "team-tourn"]
[EventRounds "11"]
[EventCountry "HUN"]
[SourceTitle "EXT 2016"]
[Source "ChessBase"]
[SourceDate "2015.10.08"]
[SourceVersion "1"]
[SourceVersionDate "2015.10.08"]
[SourceQuality "1"]
[WhiteTeam "Fot"]
[BlackTeam "Mezokovesd"]
[WhiteTeamCountry "HUN"]
[BlackTeamCountry "HUN"]

1. e4 c5 2. Nf3 d6 3. d4 cxd4 4. Nxd4 Nf6 5. Nc3 a6 6. Be2 e5 7. Nb3 Be7 8. 0-0 Be6 9. f4 Qc7 10. f5 Bc4 11. Be3 Nbd7 12. Bxc4 Qxc4 13. Qf3 b5 14. a3 h5 15. h3 Rc8 16. Rf2 h4 17. Rd2 Qc7 18. Rad1 Nb6 19. Bxb6 Qxb6+ 20. Kh1 Rc4 1/2-1/2

[Event "HUN-chT2 Erkel 1213"]
[Site "Hungary"]
[Date "2012.10.07"]
[Round "2.3"]
[White "Ujj, Daniel"]
[Black "Pap, Janos"]
[Result "1-0"]
[WhiteElo "2258"]
[BlackElo "2139"]
[PlyCount "81"]
[EventDate "2012.09.16"]
[EventType "team-tourn"]
[EventRounds "11"]
[EventCountry "HUN"]
[SourceTitle "EXT 2014"]
[Source "ChessBase"]
[SourceDate "2013.11.20"]
[SourceVersion "1"]
[SourceVersionDate "2013.11.20"]
[SourceQuality "1"]
[WhiteTeam "Paszto"]
[BlackTeam "Mezokovesd"]
[WhiteTeamCountry "HUN"]
[BlackTeamCountry "HUN"]

1. e4 c5 2. Nf3 d6 3. d4 cxd4 4. Nxd4 Nf6 5. Nc3 a6 6. Qe2 Nc6 7. Nxc6 bxc6 8. e5 dxe5 9. Qxe5 Qd6 10. Bf4 Qxe5+ 11. Bxe5 Ng4 12. Bg3 Bf5 13. 0-0-0 e6 14. Na4 Be7 15. Be2 Nf6 16. Nb6 Ra7 17. Nc8 Ra8 18. Nxe7 Kxe7 19. Bd6+ Ke8 20. Rhe1 Nd5 21. c4 Rd8 22. Be5 Ne7 23. Rxd8+ Kxd8 24. Bxg7 Rg8 25. Be5 Kc8 26. g3 Rd8 27. Rd1 Rxd1+ 28. Kxd1 Kd7 29. h4 c5 30. g4 Be4 31. f3 Nc6 32. Bc3 Bb1 33. b3 h6 34. Kc1 Bh7 35. Bg7 Nd4 36. Bd1 h5 37. gxh5 Ke7 38. Kd2 e5 39. b4 f5 40. Kd3 Kd6 41. f4 1-0

[Event "HUN-chT2 Barcza 1112 "]
[Site "Hungary"]
[Date "2012.01.29"]
[Round "5"]
[White "Kovacs, Tamas"]
[Black "Pap, Janos"]
[Result "1/2-1/2"]
[WhiteElo "2159"]
[BlackElo "2142"]
[PlyCount "165"]
[EventDate "2011.09.25"]
[EventType "team-tourn"]
[EventRounds "11"]
[EventCountry "HUN"]
[SourceTitle "EXT 2013"]
[Source "ChessBase"]
[SourceDate "2012.11.22"]
[SourceVersion "1"]
[SourceVersionDate "2012.11.22"]
[SourceQuality "1"]
[WhiteTeam "Sarospatak"]
[BlackTeam "Mezokovesd"]
[WhiteTeamCountry "HUN"]
[BlackTeamCountry "HUN"]

1. d4 Nf6 2. c4 e6 3. Nc3 Bb4 4. f3 d5 5. Qa4+ Nc6 6. Bg5 h6 7. Bh4 Bd7 8. Qd1 0-0 9. e3 Re8 10. a3 Bxc3+ 11. bxc3 dxc4 12. Bxc4 e5 13. Ne2 exd4 14. exd4 Bf5 15. 0-0 Na5 16. Ba2 Bh7 17. Re1 Qd6 18. Qd2 b5 19. Bg3 Qd7 20. Nf4 Nc4 21. Qf2 g5 22. Nh3 Nd5 23. a4 Nxc3 24. axb5 Re2 25. Rxe2 Nxe2+ 26. Kh1 Nxg3+ 27. Qxg3 Qxd4 28. Re1 Nd6 29. f4 Ne4 30. Qb3 Rf8 31. fxg5 Nf2+ 32. Nxf2 Qxf2 33. Qe3 Qxe3 34. Rxe3 Rd8 35. h4 hxg5 36. Rg3 Rd1+ 37. Kh2 Rd2 38. Rxg5+ Kf8 39. Bc4 Rd4 40. Rc5 Rd7 41. Kg3 f6 42. Rc6 Kg7 43. Ra6 Bd3 44. Bxd3 Rxd3+ 45. Kg4 Rd4+ 46. Kf3 Rb4 47. Rxa7 Rxb5 48. Rxc7+ Kg6 49. Rc4 Rb1 50. Kg4 f5+ 51. Kf4 Rb6 52. g3 Ra6 53. Rd4 Rb6 54. h5+ Kxh5 55. Kxf5 Rb5+ 56. Kf4 Kg6 57. Rd6+ Kg7 58. Re6 Rb4+ 59. Kf5 Rb5+ 60. Re5 Rb7 61. Re4 Rb5+ 62. Kg4 Kg6 63. Kh4 Rb6 64. Rg4+ Kh6 65. Rg8 Rb4+ 66. g4 Rb1 67. Rf8 Rh1+ 68. Kg3 Ra1 69. Rd8 Ra6 70. Kh4 Rb6 71. Rh8+ Kg7 72. Rh5 Rh6 73. Kg5 Rxh5+ 74. Kxh5 Kh7 75. Kg5 Kg7 76. Kf5 Kf7 77. g5 Kg7 78. g6 Kg8 79. Kg5 Kg7 80. Kf5 Kg8 81. Kf6 Kf8 82. g7+ Kg8 83. Kg6 1/2-1/2

[Event "HUN-chT2 Barcza 0910"]
[Site "Hungary"]
[Date "2009.12.20"]
[Round "4.4"]
[White "Pap, Janos"]
[Black "Nagy, Kalman"]
[Result "1/2-1/2"]
[WhiteElo "2146"]
[BlackElo "2099"]
[PlyCount "60"]
[EventDate "2009.11.08"]
[EventType "team-tourn"]
[EventRounds "11"]
[EventCountry "HUN"]
[SourceTitle "EXT 2011"]
[Source "ChessBase"]
[SourceDate "2010.11.26"]
[SourceVersion "1"]
[SourceVersionDate "2010.11.26"]
[SourceQuality "1"]
[WhiteTeam "Mezokovesd"]
[BlackTeam "SSASSE"]
[WhiteTeamCountry "HUN"]
[BlackTeamCountry "HUN"]

1. d4 g6 2. c4 Bg7 3. e4 d6 4. Nc3 Nc6 5. Be3 e5 6. d5 Nce7 7. g4 Bd7 8. Bd3 a6 9. f3 c5 10. Nge2 Rb8 11. a4 Nc8 12. h4 h6 13. h5 Bf6 14. Qd2 Bh4+ 15. Kd1 Bg5 16. Bxg5 Qxg5 17. hxg6 Qxd2+ 18. Kxd2 fxg6 19. Ng3 Kf7 20. b3 Nce7 21. Rh2 g5 22. Nf5 Nxf5 23. exf5 Ne7 24. Rah1 Kg7 25. Ra1 Rh7 26. Ke3 Ng8 27. a5 Ne7 28. Bc2 Nc8 29. Bd3 Ne7 30. Bc2 Nc8 1/2-1/2

[Event "HUN-chT2 Erkel 0405"]
[Site "Hungary"]
[Date "2005.03.06"]
[Round "9"]
[White "Pap, Janos"]
[Black "Bandy, Attila"]
[Result "1/2-1/2"]
[WhiteElo "2181"]
[BlackElo "2293"]
[PlyCount "88"]
[EventDate "2004.09.26"]
[EventType "team-tourn"]
[EventRounds "11"]
[EventCountry "HUN"]
[SourceTitle "EXT 2009"]
[Source "ChessBase"]
[SourceDate "2008.11.26"]
[SourceVersion "1"]
[SourceVersionDate "2008.11.26"]
[SourceQuality "1"]
[WhiteTeam "Mezokovesd"]
[BlackTeam "Godollo"]
[WhiteTeamCountry "HUN"]
[BlackTeamCountry "HUN"]

1. d4 d5 2. c4 c6 3. Nc3 e6 4. cxd5 cxd5 5. Nf3 Nc6 6. Bf4 Bd6 7. Bg3 Nge7 8. e3 a6 9. Rc1 b5 10. a3 h6 11. Bd3 f5 12. Bxd6 Qxd6 13. b4 0-0 14. h4 Bd7 15. Ne2 a5 16. Bxb5 axb4 17. Bxc6 Nxc6 18. axb4 Qxb4+ 19. Qd2 Ra2 20. Qxb4 Nxb4 21. Ne5 Rc8 22. Rxc8+ Bxc8 23. Nc1 Rc2 24. 0-0 Ba6 25. Rd1 Bc4 26. Ncd3 Nxd3 27. Nxd3 Bxd3 28. Rxd3 Kf7 29. g3 g5 30. hxg5 hxg5 31. Rb3 Rd2 32. Kg2 f4 33. gxf4 gxf4 34. Kf3 Kf6 35. Rb8 fxe3 36. fxe3 Rd1 37. Rf8+ Ke7 38. Ra8 Rf1+ 39. Ke2 Rb1 40. Kf3 Rb3 41. Kf4 Rd3 42. Rb8 Ra3 43. e4 dxe4 44. Kxe4 Ra1 1/2-1/2

[Event "HUN-chT3 9900"]
[Site "Hungary"]
[Date "2000.01.23"]
[Round "6"]
[White "Pap, Janos"]
[Black "Zabiak, Jozsef"]
[Result "1-0"]
[WhiteElo "2145"]
[BlackElo "2077"]
[PlyCount "87"]
[EventDate "1999.09.26"]
[EventType "team-tourn"]
[EventRounds "11"]
[EventCountry "HUN"]
[SourceTitle "EXT 2002"]
[Source "ChessBase"]
[SourceDate "2001.11.25"]
[SourceVersion "1"]
[SourceVersionDate "2001.11.25"]
[SourceQuality "1"]

1. d4 e5 2. dxe5 Nc6 3. Nf3 Qe7 4. Bf4 Qb4+ 5. Bd2 Qxb2 6. Nc3 a6 7. Rb1 Qa3 8. e4 h6 9. Rb3 Qe7 10. Nd5 Qd8 11. Bc3 Nge7 12. Be2 Ng6 13. 0-0 Bc5 14. Qd2 0-0 15. Nf4 Nxf4 16. Qxf4 b5 17. Rd1 Qe7 18. Qg3 Nd8 19. Nd4 Bxd4 20. Bxd4 Ne6 21. Be3 Kh7 22. f4 Nc5 23. Rc3 d6 24. exd6 cxd6 25. e5 Ne4 26. Bd3 Bf5 27. Bxe4 Bxe4 28. exd6 Qf6 29. Bd4 Qg6 30. Qxg6+ Kxg6 31. d7 b4 32. Rg3+ Kf5 33. Bb6 Bxc2 34. d8Q Rfxd8 35. Rxd8 Rxd8 36. Bxd8 g6 37. Ba5 Bb1 38. Rb3 Bxa2 39. Rxb4 Bd5 40. Kf2 h5 41. h3 Bc6 42. Rb6 Bb5 43. Kf3 h4 44. Bc3 1-0

[Event "Eger Agria op"]
[Site "Eger"]
[Date "1999.??.??"]
[Round "?"]
[White "Hajnal, Zoltan"]
[Black "Pap, Janos"]
[Result "1/2-1/2"]
[WhiteElo "2300"]
[BlackElo "2145"]
[PlyCount "43"]
[EventDate "1999.07.??"]
[EventType "swiss"]
[EventRounds "9"]
[EventCountry "HUN"]
[SourceTitle "EXT 2000"]
[Source "ChessBase"]
[SourceDate "1999.11.16"]
[SourceVersion "1"]
[SourceVersionDate "1999.11.16"]
[SourceQuality "1"]

1. e4 c5 2. Nf3 d6 3. d4 cxd4 4. Nxd4 Nf6 5. Nc3 a6 6. Be2 e5 7. Nb3 Be7 8. 0-0 0-0 9. f4 b5 10. a3 Bb7 11. Bf3 Nbd7 12. Be3 exf4 13. Bxf4 Ne5 14. Nd4 Nxf3+ 15. Qxf3 d5 16. e5 Bc5 17. Be3 Ne4 18. Rad1 Nxc3 19. bxc3 Qb6 20. Kh1 Rae8 21. Bf4 Qg6 22. Bg3 1/2-1/2

[Event "Godal Memorial op"]
[Site "Fuzesabony"]
[Date "1999.??.??"]
[Round "4"]
[White "Nyiri, Daniel"]
[Black "Pap, Janos"]
[Result "1/2-1/2"]
[WhiteElo "2035"]
[BlackElo "2145"]
[PlyCount "53"]
[EventDate "1999.??.??"]
[EventType "swiss"]
[EventRounds "9"]
[EventCountry "HUN"]
[SourceTitle "EXT 2000"]
[Source "ChessBase"]
[SourceDate "1999.11.16"]
[SourceVersion "1"]
[SourceVersionDate "1999.11.16"]
[SourceQuality "1"]

1. e4 c5 2. Nf3 d6 3. d4 cxd4 4. Nxd4 Nf6 5. Nc3 a6 6. Be2 e5 7. Nf3 Be7 8. 0-0 0-0 9. h3 Nbd7 10. Be3 b5 11. a3 Bb7 12. Bd3 Rc8 13. Nh4 g6 14. f4 Nh5 15. Nf5 Nxf4 16. Nxe7+ Qxe7 17. Bxf4 exf4 18. Rxf4 Qe5 19. Qf3 Qc5+ 20. Qf2 Ne5 21. Rd1 b4 22. Qxc5 dxc5 23. axb4 cxb4 24. Nd5 Bxd5 25. exd5 a5 26. Rf2 Rfd8 27. Ba6 1/2-1/2

[Event "Godal Memorial op"]
[Site "Fuzesabony"]
[Date "1999.??.??"]
[Round "5"]
[White "Pap, Janos"]
[Black "Halasz, Ferenc"]
[Result "1/2-1/2"]
[WhiteElo "2145"]
[BlackElo "2090"]
[PlyCount "56"]
[EventDate "1999.??.??"]
[EventType "swiss"]
[EventRounds "9"]
[EventCountry "HUN"]
[SourceTitle "EXT 2000"]
[Source "ChessBase"]
[SourceDate "1999.11.16"]
[SourceVersion "1"]
[SourceVersionDate "1999.11.16"]
[SourceQuality "1"]

1. d4 d5 2. c4 c6 3. Nc3 Nf6 4. e3 e6 5. Nf3 Nbd7 6. Qc2 Be7 7. Be2 0-0 8. 0-0 dxc4 9. Bxc4 b5 10. Be2 Bb7 11. Rd1 a6 12. a4 h6 13. e4 b4 14. e5 Nd5 15. Ne4 Rc8 16. Qb3 c5 17. dxc5 Nxc5 18. Nxc5 Bxc5 19. a5 Qe7 20. Bd2 Ba7 21. Rac1 Rxc1 22. Rxc1 Rc8 23. Rxc8+ Bxc8 24. Bc4 Qc5 25. Be1 Bb7 26. Bxd5 Bxd5 27. Qxb4 Qxb4 28. Bxb4 f6 1/2-1/2

[Event "Godal Memorial op"]
[Site "Fuzesabony"]
[Date "1999.??.??"]
[Round "8"]
[White "Papista, Akos"]
[Black "Pap, Janos"]
[Result "1/2-1/2"]
[WhiteElo "2150"]
[BlackElo "2145"]
[PlyCount "45"]
[EventDate "1999.??.??"]
[EventType "swiss"]
[EventRounds "9"]
[EventCountry "HUN"]
[SourceTitle "EXT 2000"]
[Source "ChessBase"]
[SourceDate "1999.11.16"]
[SourceVersion "1"]
[SourceVersionDate "1999.11.16"]
[SourceQuality "1"]

1. e4 c5 2. Nf3 d6 3. d4 cxd4 4. Nxd4 Nf6 5. Nc3 a6 6. Bc4 e6 7. Bb3 Nbd7 8. 0-0 Nc5 9. Re1 Be7 10. a4 0-0 11. f3 Qc7 12. Be3 b6 13. Ba2 Bd7 14. Bb1 Rab8 15. b4 Nb3 16. Ra3 Nxd4 17. Qxd4 e5 18. Qd2 Be6 19. Nd5 Nxd5 20. exd5 Bf5 21. Rc3 Qd8 22. Qe2 b5 23. Rc6 1/2-1/2

[Event "Eger Agria op"]
[Site "Eger"]
[Date "1998.??.??"]
[Round "7"]
[White "Domotor, Jozsef"]
[Black "Pap, Janos"]
[Result "1/2-1/2"]
[WhiteElo "2060"]
[BlackElo "2165"]
[PlyCount "20"]
[EventDate "1998.07.??"]
[EventType "swiss"]
[EventRounds "9"]
[EventCountry "HUN"]
[SourceTitle "EXT 2000"]
[Source "ChessBase"]
[SourceDate "1999.11.16"]
[SourceVersion "1"]
[SourceVersionDate "1999.11.16"]
[SourceQuality "1"]

1. d4 Nf6 2. Nf3 e6 3. c4 b6 4. g3 Ba6 5. Qa4 c5 6. Bg2 Bb7 7. 0-0 Nc6 8. dxc5 Bxc5 9. Nc3 0-0 10. Qd1 Rc8 1/2-1/2